| 000 | 01042nam a22002537a 4500 | ||
|---|---|---|---|
| 001 | 7427 | ||
| 003 | FISKH | ||
| 005 | 20250715084102.0 | ||
| 008 | 250715b cb ||||| |||| 00| 0 eng d | ||
| 020 | _a9781730161865 | ||
| 040 |
_aFISKH _beng _cFISKH _dFISKH |
||
| 050 | _aPZ7 | ||
| 082 | _a173.9 | ||
| 100 | _aPrakash, Ved | ||
| 245 |
_aWhy not share ? : _bCharacter-building stories for children / _cConceived by Ved Prakash |
||
| 260 |
_aNew Delhi : _bDreamland Publications, _c2015. |
||
| 300 |
_a24 pages : _bcolor illustrations ; _c28 cm |
||
| 505 | _aK | ||
| 520 | _aDesigned and compiled keeping young kids in view lessons learnt through these interesting stories will definitely help children become confident citizens. Nice illustrations add beauty to each story that also guides young learners on the path of righteousness. It is an excellent resource for character-conscious kids. | ||
| 521 | 8 |
_a510
_bLexile estimate |
|
| 521 | 8 |
_aK
_bRaz-Plus |
|
| 650 |
_aIslam _vstories _xKoran _yMORAL |
||
| 942 |
_2ddc _cBK _n0 |
||
| 999 |
_c7427 _d7427 |
||